| 000 | 00705cab a2200241 4500 | ||
|---|---|---|---|
| 001 | WB2945-50 | ||
| 008 | 090401t1993 xxu||||| |||| 00| 0 eng d | ||
| 035 | _a(Sirsi) u37280 | ||
| 041 | _aeng | ||
| 245 | _aFortunes of British farmers | ||
| 260 | _c1993 | ||
| 350 | _a0 | ||
| 490 |
_aFinancial Times _v29 November 1993, 16(2) |
||
| 520 | _aLooks at the mixed fortunes of the British farmer with the trend away from traditional small family holdings. Assesses the effect of CAP on the UK farming industry. | ||
| 650 | _aAGRICULTURE | ||
| 650 | _aCAP REFORM | ||
| 650 | _aGATT | ||
| 650 | _aGREEN POUND | ||
| 650 | _aREFORM | ||
| 690 | _aRURAL PRACTICE | ||
| 942 | _n0 | ||
| 948 | _c04/03/1997 | ||
| 999 |
_c24118 _d24118 |
||